01174nam a2200289 a 450000100100000000500170001000800410002702000150006804000250008304100380010808200150014610000270016124000590018824501100024726000290035730000260038649000630041253400670047565000220054265000410056465000270060570000350063283000720066704900090073995201190074899900170086700002359620240502132913.0101215s1973 sp r 000 0 spa d a8432504777 aDO-SdBNPbspacBNPHU17aspaheng2Código de idioma MARC a230bP522q1 aPezzella, Sosio94863310aChe cosa ha veramente detto Giovanni XXIIIlEspañol.10aQué ha dicho verdaderamente Juan XXIII /cSosio Pezzella ; traducción al castellano Marcial Suárez. aMadrid :bDoncel,c1973. a240, [3] p. ;c18 cm.1 aQué ha dicho verdaderamenteaQué es verdaderamentev24 aTítulo original:tChe cosa ha veramente detto Giovanni XXIII 0aCristianismo9885 4aCristianismo en la literatura948634 0aJusticia social 960781 aSuárez, Marcial,etr.921749 0aQué ha dicho verdaderamente ;pQué es verdaderamentev24948635 aBNGR 001054708MOaGRbGRcCTd2010-12-15iLF1l0o230 P522qp23596-10r2020-06-25w2020-06-25y4ZPréstamo en sala c23092d23092